LEADER 01953nas 2200601- 450 001 9910345143303321 005 20241002213015.0 011 $a0465-5842 035 $a(DE-599)ZDB2609187-2 035 $a(OCoLC)648184521 035 $a(CKB)110978966548552 035 $a(CONSER)--2024225204 035 $a(EXLCZ)99110978966548552 100 $a20100716a19499999 -ar b 101 0 $asrp 135 $aurun||||a|a|| 181 $ctxt$2rdacontent 182 $cc$2rdamedia 183 $acr$2rdacarrier 200 00$aMe?unarodni problemi 210 1$aBeograd :$cInstitut za me?unarodnu politiku i privredu,$d1949- 215 $a1 online resource (volumes) $cillustrations 300 $aRefereed/Peer-reviewed 311 $aPrint version: Me?unarodni problemi. (DLC) 59052568 (OCoLC)2264000 0025-8555 517 1 $aInternational problems 517 1 $aMezhdunarodnye problemy 531 $aMEDJUNARODNI PROBLEMI 531 0 $aMe?unar. probl. 606 $aWorld politics$y1945-1989$vPeriodicals 606 $aPolitique mondiale$y1945-1989$vPériodiques 606 $aWorld politics$2fast 606 $aEconomics$2pplt 606 $aPublic international law$2pplt 606 $aPeriodicals$2pplt 606 $aInternational relations$2pplt 606 $aINTERNATIONAL RELATIONS$2unbist 606 $aINTERNATIONAL ECONOMIC RELATIONS$2unbist 608 $aPeriodicals$2fast 615 0$aWorld politics 615 6$aPolitique mondiale 615 7$aWorld politics 615 7$aEconomics. 615 7$aPublic international law. 615 7$aPeriodicals. 615 7$aInternational relations. 615 7$aINTERNATIONAL RELATIONS. 615 7$aINTERNATIONAL ECONOMIC RELATIONS. 676 $a900 712 02$aInstitut za me?unarodnu politiku i privredu (Belgrade, Serbia), 906 $aJOURNAL 912 $a9910345143303321 996 $aMe?unarodni problemi$92256459 997 $aUNINA LEADER 03371nam 22006375 450 001 9910874655503321 005 20251113175812.0 010 $a9789819702893 024 7 $a10.1007/978-981-97-0289-3 035 $a(CKB)32970781600041 035 $a(MiAaPQ)EBC31531391 035 $a(Au-PeEL)EBL31531391 035 $a(DE-He213)978-981-97-0289-3 035 $a(OCoLC)1446545444 035 $a(EXLCZ)9932970781600041 100 $a20240716d2024 u| 0 101 0 $aeng 135 $aur||||||||||| 181 $ctxt$2rdacontent 182 $cc$2rdamedia 183 $acr$2rdacarrier 200 10$aProceedings of the XXV DAE-BRNS High Energy Physics (HEP) Symposium 2022, 12?16 December, Mohali, India /$fedited by Satyajit Jena, Ambresh Shivaji, Vishal Bhardwaj, Kinjalk Lochan, Harvinder Kaur Jassal, Anosh Joseph, Pankaj Khuswaha 205 $a1st ed. 2024. 210 1$aSingapore :$cSpringer Nature Singapore :$cImprint: Springer,$d2024. 215 $a1 online resource (1353 pages) 225 1 $aSpringer Proceedings in Physics,$x1867-4941 ;$v304 311 08$a9789819702886 327 $aIceCube and the future of Astroparticle Physics from the South Pole -- The e?ect of the Hagedorn states in the Hadron Resonance Gas model with the van der Waals interaction -- Silicon detector activities for Belle II and CMS experiments -- Recent highlights from the LHCb experiment. 330 $aThis book presents the proceedings of the XXV DAE-BRNS High Energy Physics (HEP) Symposium 2022, held at the Indian Institute of Science Education and Research Mohali, India. This proceeding marks the 25th edition. The latest results covering both the theoretical and the experimental aspects of the HEP research were presented under 10 broad topics ranging from Astroparticle and cosmology to Higgs and top quark physics, namely (1) article Astrophysics and Cosmology, (2) Beyond Standard Model Physics, (3) Formal Theory, (4) Detector Development Future Facilities and Experiments, (5) Relativistic Heavy-Ion Physics and QCD, (6) Higgs Physics, (7) Quark and Lepton Flavor Physics, (9) Societal Applications: Medical Physics, Imaging, and (10) Top Quark and EW Physics. 410 0$aSpringer Proceedings in Physics,$x1867-4941 ;$v304 606 $aNuclear physics 606 $aQuantum electrodynamics 606 $aQuantum theory 606 $aNuclear and Particle Physics 606 $aQuantum Electrodynamics, Relativistic and Many-body Calculations 606 $aQuantum Imaging and Sensing 615 0$aNuclear physics. 615 0$aQuantum electrodynamics. 615 0$aQuantum theory. 615 14$aNuclear and Particle Physics. 615 24$aQuantum Electrodynamics, Relativistic and Many-body Calculations. 615 24$aQuantum Imaging and Sensing. 676 $a539.7 700 $aJena$b Satyajit$01749645 701 $aShivaji$b Ambresh$01749646 701 $aBharadwaj$b Vishal$01885147 701 $aLochan$b Kinjalk$01749648 701 $aJassal$b Harvinder Kaur$01749649 701 $aJoseph$b Anosh$0843206 701 $aKhuswaha$b Pankaj$01749650 801 0$bMiAaPQ 801 1$bMiAaPQ 801 2$bMiAaPQ 912 $a9910874655503321 996 $aProceedings of the XXV DAE-BRNS High Energy Physics (HEP) Symposium 2022, 12?16 December, Mohali, India$94520293 997 $aUNINA